Score 0/20 Timer 08:00
0 Plays Today
Proximity Show Title Broadway Musical % Correct
8 to 39 to 5
94.8%
You've a Gondola Mantua, Charity BruinYou're a Good Man, Charlie Brown
93.8%
Litmus Shook of HorsesLittle Shop of Horrors
83.5%
Starfish ExpulsionStarlight Express
64.9%
FoolscapFootloose
60.8%
The Myrrh of Educe DroneThe Mystery of Edwin Drood
60.8%
Myth Once and OnionMy One and Only
53.6%
Mermaid Weal Rogue AloftMerrily We Roll Along
52.6%
NewfoundlandNewsies
52.6%
ShrewdShrek
52.6%
Proximity Show Title Broadway Musical % Correct
Yowl FranchiseYoung Frankenstein
42.3%
CamouflageCamelot
41.2%
Bombast DrawlBombay Dreams
39.2%
Stage FairyState Fair
37.1%
CandelabrumCandide
30.9%
Lorn in the StanzaLost in the Stars
24.7%
Hierarch FictionHigh Fidelity
22.7%
RainfallRaisin
15.5%
The Harbinger TimidThe Happy Time
8.2%
Eucalyptus!Eubie!
5.2%
Remove Ads.
Support Sporcle.
Get the best of Sporcle when you Go Orange. This ad-free experience offers more features, more stats, and more fun while also helping to support Sporcle. Thank you for becoming a member.

You're not logged in!

Compare scores with friends on all Sporcle quizzes.
OR
Log In

Show Comments

Extras

Top Quizzes Today


Score Distribution

Your Account Isn't Verified!

In order to create a playlist on Sporcle, you need to verify the email address you used during registration. Go to your Sporcle Settings to finish the process.

Report this User

Report this user for behavior that violates our Community Guidelines.

Details: